00380pab a2200133 454500008004000000100002700040245007700067260000900144300001500153362000800168650002500176650002100201773002400222180718b2011 xxu||||| |||| 00| 0 eng d aTeagve, Ginger Elliott aPublic - Interests and the development of Tanzanian environmental poilcy c2011 ap.835-861. aOct aEnvironmental policy aPublic interests aPolitics and Policy